Teaching guide for senior high school earth and life science : (Record no. 354940)
[ view plain ]
| 000 -LEADER | |
|---|---|
| fixed length control field | 00354nam a2200097Ia 4500 |
| 008 - FIXED-LENGTH DATA ELEMENTS--GENERAL INFORMATION | |
| fixed length control field | 180205s9999 xx 000 0 und d |
| 100 ## - MAIN ENTRY--PERSONAL NAME | |
| Personal name | Duka, Ivan Marcelo A |
| 245 ## - TITLE STATEMENT | |
| Statement of responsibility, etc | De-Silva, Leopoldo P. |
| Title | Teaching guide for senior high school earth and life science : |
| Remainder of title | Core subject |
| 260 ## - PUBLICATION, DISTRIBUTION, ETC. (IMPRINT) | |
| Place of publication, distribution, etc | Quezon City |
| Name of publisher, distributor, etc | Commision on higher education |
| Date of publication, distribution, etc | 2016 |
| 300 ## - PHYSICAL DESCRIPTION | |
| Extent | 329 pages |
| Withdrawn status | Lost status | Damaged status | Home library | Current library | Shelving location | Date acquired | Source of acquisition | Total Checkouts | Total Renewals | Full call number | Barcode | Date last seen | Date checked out | Price effective from | Koha item type |
|---|---|---|---|---|---|---|---|---|---|---|---|---|---|---|---|
| College Library | College Library | Filipiniana Section | 02/05/2018 | Library Fund | 1 | 2 | QE 29 .D877 2016 | c21167 | 02/20/2019 | 01/07/2019 | 02/05/2018 | Books |